000 00647 a2200193 4500
001 63191
005 20260407155927.0
008 260407a1991 arg spa d
003 AR-UNSa-BCEJYS
040 _aAR-UNSa-BCEJYS
_bspa
_cAR-UNSa-BCEJYS
080 _a339.543
_xPolítica aduanera. Sistemas de aduanas. Aranceles
245 1 0 _aTrámites portuarios y despacho de aduanas en la gestión de las importaciones
264 1 _aGinegra :
_bCCI (Centro de Comercio Internacional)
_c1991
300 _a56 p.
_c30 cm.
041 _aspa
942 _cBK
590 _aniveau_biblio:m niveau_hierar:0
100 1 _aCentro de Comercio Internacional (CCI)
999 _c8032
_d8032